| 000 | 00805nam a2200265Ia 4500 | ||
|---|---|---|---|
| 003 | OSt | ||
| 005 | 20221006160157.0 | ||
| 006 | a|||||r|||| 00| 0 | ||
| 007 | ta | ||
| 008 | 221006b |||||||| |||| 00| 0 eng d | ||
| 020 |
_a9780226330976 _c _27.50 |
||
| 024 | _a44,524 | ||
| 037 |
_bGift, Koren Embassy _cTextual |
||
| 040 |
_aEASL _cEASL _beng |
||
| 041 |
_2eng _aeng |
||
| 082 | _aNR495v:g, Q2 | ||
| 100 |
_aHesselink Nathan _9672231 |
||
| 245 | 0 |
_aSamulnori _b Contemporary Korean drumming and the rebirth of itinerant performance culture |
|
| 260 |
_aChicago _bThe university of Chicago press Korea _c2012 |
||
| 300 |
_a228p. _ccm. |
||
| 490 | _v KEL | ||
| 650 | _aKEL | ||
| 942 |
_hNR495v:g, Q2 _cTEXL _2CC |
||
| 999 |
_c1112616 _d1112616 |
||